000 01544cam a22004094a 4500
001 15603546
003 OSt
005 20260416073824.0
008 090129s2009 nju b 001 0 eng
010 _a 2009003427
020 _a1592216900
_qhardcover
020 _a1592216919
_qpbk.
020 _a9781592216901
_q(hardcover)
020 _a9781592216918
_q(pbk.)
035 _a15603546
040 _aDLC
_cDLC
_dDLC
043 _af-ke---
050 0 0 _aHD983
_b.B76 2009
082 0 0 _a333.2
_222
100 1 _aBrownhill, Leigh.
245 1 0 _aLand, food, freedom :
_bstruggles for the gendered commons in Kenya, 1870 to 2007 /
_cLeigh Brownhill.
260 _aTrenton NJ :
_bAfrica World Press,
_c2009.
300 _aviii, 328 p. ;
_c23 cm.
336 _atext
_btxt
_2rdacontent
337 _aunmediated
_bn
_2rdamedia
338 _avolume
_bnc
_2rdacarrier
504 _aIncludes bibliographical references (p.[287]-319) and index.
650 0 _aWomen peasants
_xPolitical activity
_zKenya
_xHistory.
650 0 _aPeasants
_zKenya
_xHistory.
650 0 _aLand tenure
_zKenya
_xHistory.
650 0 _aNational liberation movements
_zKenya
_xHistory.
651 0 _aKenya
_xHistory
_yMau Mau Emergency, 1952-1960
_xWomen.
906 _a7
_bcbc
_corignew
_d1
_eecip
_f20
_gy-gencatlg
942 _2lcc
_cBK
_n0
999 _c23695
_d23694